000 00176 a2200085 4500
041 _aeng
100 _aSpencer Johnson
245 _aHarriet Tubman the value of helping
942 _cBK
999 _c9546
_d9546